Financial statement analysis and security valuation
By focusing on output rather than input, this book focuses on the information provided by financial statements, rather than how those statements are prepared. It stresses the use of financial statements in the valuation of businesses, and shows how to bridge the gap between concepts and practice.
Uloženo v:
| Hlavní autor: | |
|---|---|
| Médium: | Kniha |
| Jazyk: | Undetermined |
| Vydáno: |
New York
McGraw-Hill Higher Education
2013
|
| Témata: | |
| Tagy: |
Přidat tag
Žádné tagy, Buďte první, kdo otaguje tento záznam!
|
| Thư viện lưu trữ: | Trung tâm Học liệu Trường Đại học Cần Thơ |
|---|
| LEADER | 00970nam a2200217Ia 4500 | ||
|---|---|---|---|
| 001 | CTU_188151 | ||
| 008 | 210402s9999 xx 000 0 und d | ||
| 020 | |c 897000 | ||
| 082 | |a 657.3 | ||
| 082 | |b P411 | ||
| 100 | |a Penman, Stephen H. | ||
| 245 | 0 | |a Financial statement analysis and security valuation | |
| 245 | 0 | |c Stephen H. Penman | |
| 260 | |a New York | ||
| 260 | |b McGraw-Hill Higher Education | ||
| 260 | |c 2013 | ||
| 520 | |a By focusing on output rather than input, this book focuses on the information provided by financial statements, rather than how those statements are prepared. It stresses the use of financial statements in the valuation of businesses, and shows how to bridge the gap between concepts and practice. | ||
| 650 | |a Financial statements,Investment analysis,Báo cáo tài chính,Phân tích đầu tư | ||
| 650 | |x Evaluation,Đánh giá | ||
| 904 | |i Bằng | ||
| 980 | |a Trung tâm Học liệu Trường Đại học Cần Thơ | ||